Finite element solution of boundary value problems : theory and computation /
Guardado en:
| Autor Principal: | |
|---|---|
| Otros Autores: | |
| Formato: | Libro |
| Idioma: | English |
| Publicado: |
Orlando, Fla. :
Academic Press,
1984.
|
| Series: | Computer science and applied mathematics
|
| Materias: | |
| Etiquetas: |
Agregar Etiqueta
Sin Etiquetas, Sea el primero en etiquetar este registro!
|
| LEADER | 00883pam a2200241 a 4500 | ||
|---|---|---|---|
| 001 | MAT.inmabb004268 | ||
| 008 | 830519s1984####flua#####b####001#0#eng## | ||
| 005 | 20130319103837.0 | ||
| 245 | 1 | 0 | |a Finite element solution of boundary value problems : |b theory and computation / |c O. Axelsson, V. A. Barker. |
| 260 | |a Orlando, Fla. : |b Academic Press, |c 1984. | ||
| 300 | |a xviii, 432 p. : |b il. ; |c 24 cm. | ||
| 440 | 0 | |a Computer science and applied mathematics | |
| 504 | |a Incluye referencias bibliográficas e índice. | ||
| 510 | 4 | |a MR, |c 85m:65116 | |
| 020 | |a 0120687801 | ||
| 100 | 1 | |a Axelsson, O., |d 1934- | |
| 700 | 1 | |a Barker, V. A. |q (Vincent Allan), |d 1934- | |
| 650 | 0 | |a Boundary value problems |x Numerical solutions. | |
| 650 | 0 | |a Finite element method. | |
| 084 | |a 65N30 (65-02) |2 msc2000 | ||
| 010 | |a 83007158 | ||
| 040 | |a DLC |c DLC |d DLC | ||
| 859 | |h 65 |i Ax969 |p A-6049 |b BIB. MATEMATICA | ||
